Magic for childrern / (Record no. 101429)

MARC details
000 -LEADER
fixed length control field 00517nam a22001817a 4500
005 - DATE AND TIME OF LATEST TRANSACTION
control field 20160725101945.0
010 ## - LCCN (DPL NO)
LC control number ENG-115506
020 ## - INTERNATIONAL STANDARD BOOK NUMBER
International Standard Book Number 9789381384339
Terms of availability 96.00
035 ## - SYSTEM CONTROL NUMBER
System control number EN-99038
037 ## - SOURCE OF ACQUISITION
Source of stock number/acquisition DBAD/PUB
082 ## - DEWEY DECIMAL CLASSIFICATION NUMBER
Classification number 793.8
100 ## - MAIN ENTRY--PERSONAL NAME
Personal name Pattabhi Ram
245 ## - TITLE STATEMENT
Title Magic for childrern /
Remainder of title by Pattabhi Ram
260 ## - PUBLICATION, DISTRIBUTION, ETC. (IMPRINT)
Place of publication, distribution, etc New Delhi
Name of publisher, distributor, etc V & S Publishers
Date of publication, distribution, etc 2015
270 ## - ADDRESS
Address F-2/16,Ansari Road,Daryaganj
City New Delhi
Postal code 110002
300 ## - PHYSICAL DESCRIPTION
Extent 119p. :
Dimensions 21cm(pbk)
Other physical details ill
942 ## - ADDED ENTRY ELEMENTS (KOHA)
Source of classification or shelving scheme Dewey Decimal Classification
Item type English Books
Classification part 793.8
Call number suffix PAT
Holdings
Withdrawn status Lost status Not for loan Collection code Home library Current library Date acquired Source of acquisition Cost, normal purchase price Full call number Barcode Copy number Cost, replacement price Koha item type
    Not For Loan Fiction D.B.Act.Division D.B.Act.Division 25/07/2016 DBAD/PUB 96.00 793.8 PAT EN-99038 1 96.00 English Books

© Delhi Public Library
Hit Counter
free hit counter